วารสารการเมืองและการเลือกตั้ง (ระเบียนเลขที่ 95391)
| 000 -LEADER | |
|---|---|
| fixed length control field | 00612nam a22001937a 4500 |
| 003 - CONTROL NUMBER IDENTIFIER | |
| control field | NALT |
| 005 - DATE AND TIME OF LATEST TRANSACTION | |
| control field | 20210325220219.0 |
| 008 - FIXED-LENGTH DATA ELEMENTS--GENERAL INFORMATION | |
| fixed length control field | 181017b th ||||| |||| 00| 0 tha d |
| 040 ## - CATALOGING SOURCE | |
| Original cataloging agency | NALT |
| 041 ## - LANGUAGE CODE | |
| Language code of text/sound track or separate title | tha |
| 245 ## - TITLE STATEMENT | |
| Title | วารสารการเมืองและการเลือกตั้ง |
| 260 ## - PUBLICATION, DISTRIBUTION, ETC. | |
| Place of publication, distribution, etc. | สำนักงานคณะกรรมการการเลือกตั้ง |
| 310 ## - CURRENT PUBLICATION FREQUENCY | |
| Current publication frequency | รายหกเดือน |
| 500 ## - GENERAL NOTE | |
| General note | ฉบับปฐมฤกษ์ |
| 850 ## - HOLDING INSTITUTION | |
| Holding institution | NALT |
| 942 ## - ADDED ENTRY ELEMENTS (KOHA) | |
| Koha item type | Journal/Magazine |
| Serial record | 1 |
ไม่มีตัวเล่มให้บริการ
